| 000 | 00642nam a2200181Ia 4500 | ||
|---|---|---|---|
| 003 | OSt | ||
| 005 | 20260328111334.0 | ||
| 008 | 211028s2010 xx 000 0 und d | ||
| 040 | _cAIMIT LIBRARY | ||
| 041 | _aeng | ||
| 082 | _a658.15 JOSP | ||
| 100 |
_aJoshi, Prabhat;Dhananjay K. _g816031 _96463 |
||
| 245 | _aCreating awareness and identifying the potential donors who are willing to meet the inadequacy of funds of akshaya patra, Mangalore for the distribution of mid- day meal scheme / | ||
| 260 |
_bDhananjay K _c2010 |
||
| 600 |
_aHuman Resource Management _96464 |
||
| 650 |
_aHuman Resource Management _96465 |
||
| 942 |
_2ddc _cPRO |
||
| 999 |
_c218246 _d218246 |
||